The life of singaravelar / (Record no. 21144)

MARC details
000 -LEADER
fixed length control field 00807nam a22002294a 4500
005 - DATE AND TIME OF LATEST TRANSACTION
control field 20080903163048.0
008 - FIXED-LENGTH DATA ELEMENTS--GENERAL INFORMATION
fixed length control field 080128s2008 ii abf | b 001 0beng
010 ## - LCCN (DPL NO)
LC control number ENG-92576
020 ## - INTERNATIONAL STANDARD BOOK NUMBER
Terms of availability 100.00
035 ## - SYSTEM CONTROL NUMBER
System control number EN-76109
037 ## - SOURCE OF ACQUISITION
Source of stock number/acquisition DBAD / PUB
040 ## - CATALOGING SOURCE
Original cataloging agency dpl
Language of cataloging English
082 ## - DEWEY DECIMAL CLASSIFICATION NUMBER
Classification number 921
100 ## - MAIN ENTRY--PERSONAL NAME
Personal name Manoharan, P.
245 ## - TITLE STATEMENT
Title The life of singaravelar /
Statement of responsibility, etc by P. Manoharan
260 ## - PUBLICATION, DISTRIBUTION, ETC. (IMPRINT)
Place of publication, distribution, etc Ulunthurpettai
Name of publisher, distributor, etc Tamilventhan Pathipagam
Date of publication, distribution, etc 2008
270 ## - ADDRESS
Address 81C, Munusamy Nagar, Easts Kandasamypuram,
City Ulunthurpettai
Postal code 606107
300 ## - PHYSICAL DESCRIPTION
Extent 106p.
Dimensions 19cm (pbk)
600 ## - SUBJECT ADDED ENTRY--PERSONAL NAME
Personal name Singaravelar Chettiar
General subdivision Biography.
942 ## - ADDED ENTRY ELEMENTS (KOHA)
Source of classification or shelving scheme Dewey Decimal Classification
Item type English Books
Call number suffix MAN
Classification part 921
Holdings
Withdrawn status Lost status Source of classification or shelving scheme Damaged status Not for loan Collection code Home library Current library Date acquired Source of acquisition Cost, normal purchase price Total Checkouts Full call number Barcode Date last seen Copy number Cost, replacement price Koha item type
    Dewey Decimal Classification   Not For Loan Non-fiction D.B.Act.Division D.B.Act.Division 16/01/2009 DBAD / PUB 100.00   921 MAN EN-76109 16/01/2009 1 100.00 English Books

© Delhi Public Library
Hit Counter
free hit counter